Dáné Tibor 70 éves
Elmentve itt :
| Szerző: | |
|---|---|
| Adatforrás: | Meister |
| Forrásdokumentuma: | Helikon. - 7 sz., 1993, 15 p. |
| Nyelv: | magyar |
| Kulcsszavak: | évforduló DÁNÉ Tibor |
| LEADER | 00345nab a2200133 i 4500 | ||
|---|---|---|---|
| 001 | bibPRO00007707 | ||
| 008 | 060524s1993 xx hun | ||
| 040 | |a Sz1 | ||
| 041 | |a hun | ||
| 100 | 1 | |a LÁSZLÓFFY Aladár | |
| 245 | 1 | 0 | |a Dáné Tibor 70 éves |c LÁSZLÓFFY Aladár |
| 695 | |a évforduló | ||
| 695 | |a DÁNÉ Tibor | ||
| 773 | 0 | |t Helikon. - |g 7 sz., 1993, 15 p. | |